Länder Ozeaniens nach Fläche (mit Karte) - Statistiken

Allgemein
  • Dieses Quiz wurde 5 mal gespielt
  • Das Durchschnittsergebnis liegt bei 10 aus 14
Antworten auf der Karte
Die Antworten werden auf der Karte rot bzw. grün angezeigt, abhängig davon wie oft sie richtig erraten wurden.
 
Antwortstatistiken
Hint Antwort % Korrekt
7'741'220 km² Australien
100%
18'274 km² Fidschi
80%
702 km² Mikronesien
80%
21 km² Nauru
80%
268'838 km² Neuseeland
80%
462'840 km² Papua-Neuguinea
80%
2'831 km² Samoa
80%
12'189 km² Vanuatu
80%
811 km² Kiribati
60%
181 km² Marshallinseln
60%
28'896 km² Salomonen
60%
747 km² Tonga
60%
26 km² Tuvalu
60%
459 km² Palau
40%
Keine übereinstimmenden Quizze gefunden
Verteilung der Resultate
Anzahl Personen mit jedem Resultat
Perzentil nach korrekt beantworteten Fragen
Ihre Resultats-Entwicklung
Sie haben dieses Quiz noch nicht gespielt